|
|
|
|
| LEADER |
00000nam2a2200000 4500 |
| 001 |
326728 |
| 005 |
20231102003905.0 |
| 010 |
|
|
|a 5030027556
|
| 035 |
|
|
|a (RuTPU)RU\TPU\book\352388
|
| 090 |
|
|
|a 326728
|
| 100 |
|
|
|a 20170113d1991 k y0rusy50 ca
|
| 101 |
1 |
|
|a rus
|c eng
|
| 102 |
|
|
|a RU
|
| 105 |
|
|
|a y z 001zy
|
| 200 |
0 |
|
|a Т. 2
|
| 210 |
|
|
|d 1991
|
| 215 |
|
|
|a 342 с.
|
| 300 |
|
|
|a Сплошная пагинация
|
| 320 |
|
|
|a Библиогр.: с. 618-696
|
| 461 |
|
1 |
|0 (RuTPU)RU\TPU\book\170513
|y 5-03-002753-X
|t Теория линейного и целочисленного программирования
|o в 2 т.
|o пер. с англ.
|f А. Схрейвер
|v Т. 2
|d 1991
|
| 606 |
1 |
|
|a Линейное программирование
|2 stltpush
|3 (RuTPU)RU\TPU\subj\40176
|9 60041
|
| 610 |
1 |
|
|a математика
|
| 610 |
1 |
|
|a математическое программирование
|
| 610 |
1 |
|
|a алгоритмы
|
| 610 |
1 |
|
|a целочисленность
|
| 675 |
|
|
|a 519.852
|v 4
|
| 801 |
|
1 |
|a RU
|b 63413507
|c 20170113
|
| 801 |
|
2 |
|a RU
|b 63413507
|c 20170119
|g RCR
|
| 942 |
|
|
|c BK
|